Preguntas Sobre Sapos y Ranas - Estadísticas

Estadísticas generales
  • Esta prueba ha sido intentada 30 veces
  • La puntuación promedio es 6 de 15
Estadísticas de respuestas
Pregunta Respuesta % Correcto
Que nombre reciben las Larvas de las Ranas y los Sapos Renacuajos
93%
Que Clase de Animales son Las Ranas y Los Sapos? Son Anfibios Ovíparos
93%
Cuál de Estas Imágenes pertenece a una Rana?
73%
Por donde respiran los Sapos y las Ranas Por sus Fosas Nasales y por su piel
73%
Cuál de estos animales podría cazar un Sapo o una Rana en la naturaleza? La Garza Real
60%
Cuál de Estas imágenes pertenece al Sapo Común (Bufo Bufo) ?
53%
Que nombre Recibe la acción en la que el Macho monta a la Hembra para procrear? Amplexo
33%
Cuantos Huevos puede llegar a poner El Sapo Común? Entre 3.000 i 6.000
33%
Las Ranas Usan su larga lengua para cazar insectos o son los Sapos los que la usan? Las Ranas
27%
Cuáles de Estas Especies de Ranas habitan en La Península Ibérica? Rana Patilarga
27%
Porqué cantan las Ranas y los Sapos? Y quien de los dos lo hace? Solo las Ranas y Sapos Machos cantan, y lo hacen para atraer a las hembras
27%
A que especie pertenecen los Sapos que NO son Sapos Comunes de la Pregunta 5 ? Sapo Corredor (Epidalea Calamita), Sapo de Espuelas (Pelobates Cultripes), Sapo Partero (Alytes Obstetricans)
20%
Cuántas de las especies de Sapos que habitan en la península ibérica poseen una Toxina Mortal para los humanos? 0
13%
Por qué las Ranas y Los Sapos Cierran Los ojos para tragar el Alimento? Al no tener dientes, usan el parpadeo para ayudar a tragar el alimento
13%
Como se llama el Orden Animal que engloba las Ranas y los Sapos? Anuros
0%
No se encontraron pruebas coincidentes
Distribución de puntuación
Porcentaje de gente con cada puntuación
Porcentaje por número respondido
Historial de tus puntuaciones
No has intentado esta prueba.